| 000 | 00502nam a2200169Ia 4500 | ||
|---|---|---|---|
| 008 | 140512s9999 xx 000 0 und d | ||
| 020 | _a9780199152650 | ||
| 050 |
_aQH 316 _b.P595 2009 |
||
| 100 | _aPickering, Ron | ||
| 245 |
_aBiology IGCSE revision guide / _cRon Pickering |
||
| 260 |
_aUnited Kingdom : _bOxford University Press, _cc2009. |
||
| 300 |
_a160 p. : _bill. ; _c28 cm. |
||
| 500 | _aIncludes index. | ||
| 650 |
_aBiology _xExaminations -- Study guide |
||
| 942 | _cBK | ||
| 999 |
_c116670 _d116670 |
||